Normal view
MARC view
Entry Personal Name
001 - CONTROL NUMBER
- control field: 69116
003 - CONTROL NUMBER IDENTIFIER
- control field: OSt
005 - DATE AND TIME OF LATEST TRANSACTION
- control field: 20170916131520.0
008 - FIXED-LENGTH DATA ELEMENTS
- fixed length control field: 170916|| aca||aabn | a|a d
040 ## - CATALOGING SOURCE
- Original cataloging agency: OSt
- Transcribing agency: OSt
100 ## - HEADING--PERSONAL NAME
- Personal name: राहुल ,सांकृत्यायन
670 ## - SOURCE DATA FOUND
- Source citation: Work cat.: (OSt)25149: राहुल ,सांकृत्यायन, यात्रा के पन्ने, 1952









